| 000 | 01189nam0a2200301 4500 | ||
|---|---|---|---|
| 001 | RU\NLR\b_ik\192051 | ||
| 005 | 20260406104433.0 | ||
| 010 |
_a978-5-9535-0295-5 _9300 |
||
| 021 |
_aRU _b2011-68069 _94804 |
||
| 035 | _a(NLR Aleph) 002264499 | ||
| 090 |
_a3865049 _c3865049 |
||
| 100 | _a20111013d2011 |||y0rusy50 ca | ||
| 101 | 1 |
_aeng _crus |
|
| 102 | _aRU | ||
| 105 | _aa ||||||||| | ||
| 200 | 1 |
_aStrategic global outlook: 2030 _fInst. of world economy a. intern. relations, Russ. acad. of sciences _ged. by Alexander A. Dynkin _g[transl. by E. Leontyeva] |
|
| 210 |
_aMoscow _cIMEMO RAN _d2011 |
||
| 215 |
_a56 с. _cцв. ил. _d26 |
||
| 541 | 0 |
_aCтратегическая глобальная перспектива: 2030 _zrus |
|
| 606 | 1 |
_aМировое хозяйство _xПрогнозирование _z2010 - 2030 _92629926 _3RU\NLR\auth\661566486 |
|
| 686 | _aУ23(0)038 | ||
| 702 | 1 |
_aDynkin _bA. A. _gAleksandr Aleksandrovič _4340 |
|
| 712 | 0 | 2 |
_4570 _8eng _aInstitute of world economy and international relations _cMoscow _7ba _3RU\NLR\AUTH\883074 _9277293 |
| 801 | 0 |
_aRU _bNLR _c20111013 _gRCR |
|
| 801 | 1 |
_aRU _bNLR _c20111013 |
|
| 942 | _cBOOK | ||
| 980 | _aNB | ||